| 000 | 00716nam a2200205 i 4500 | ||
|---|---|---|---|
| 001 | 169716 | ||
| 003 | ES-MaACL | ||
| 005 | 20250603184407.0 | ||
| 008 | 081112s2008 sp |||| | spa d | ||
| 020 | _a978-84-612-6449-0 | ||
| 080 | _a343.53(460) | ||
| 100 | 1 |
_aArrillaga Aldama, Luis, _d1950- _923318 |
|
| 245 | 1 | 0 |
_aYo acuso _b: ha triunfado el delito : crítica de un poder mendaz / _cLuis Arrillaga. |
| 260 |
_aÁvila : _bLuis Arrillaga, _c2008. |
||
| 300 |
_a246 p. ; _c21 cm. |
||
| 650 | 0 | 4 |
_aCorrupción política- _zEspaña. _911380 |
| 651 | 4 |
_aEspaña- _xPolítica y gobierno- _y2004-2011 _98451 |
|
| 852 |
_aES-MaACL _jL-29368 _z. - Dedicatoria autógrafa del autor |
||
| 999 |
_c169716 _d169716 |
||